Score 0/15 Timer 02:00
11 Plays Today
% Correct
Chewbacca
97.8%
R2-D2
97.2%
Han Solo
95.9%
Rey
93.3%
Lando Calrissian
90.9%
Obi-Wan Kenobi
87.4%
K-2SO
86.7%
General Grievous
84%
% Correct
Admiral Ackbar
83%
Qui-Gon Jinn
81.7%
Maz Kanata
79.7%
Captain Phasma
78.7%
Ki-Adi Mundi
74.8%
Jyn Erso
74.4%
Enfys Nest
69%

You're not logged in!

Compare scores with friends on all Sporcle quizzes.
OR
Log In

Sporcle TV

Today on Sporcle TV


Watch our educational content, quiz creation guides, and fun videos on Sporcle TV.

Show Comments

Extras

Top Quizzes Today


Score Distribution

Paid Content

Your Account Isn't Verified!

In order to create a playlist on Sporcle, you need to verify the email address you used during registration. Go to your Sporcle Settings to finish the process.

Report this User

Report this user for behavior that violates our Community Guidelines.

Details: